| 000 | 01162nam a22003017a 4500 | ||
|---|---|---|---|
| 001 | 7724 | ||
| 003 | FISKH | ||
| 005 | 20250801105916.0 | ||
| 008 | 250801b cb ||||| |||| 00| 0 eng d | ||
| 020 | _a9780439636018 | ||
| 040 |
_aFISKH _beng _cFISKH _dFISKH |
||
| 050 | _aE185.K5 R84 | ||
| 082 | _a323.092 | ||
| 100 | _aRuffin, Frances E. | ||
| 245 |
_aMartin Luther King, Jr. and the march on Washington / _cBy Frances E. Ruffin : Illustrated by Stephen Machesi |
||
| 260 |
_aNew York : _bScholastic , _c2001. |
||
| 300 |
_a48 pages : _bcolor illustrations ; _c23 cm . |
||
| 490 | _aAll Aboard Reading | ||
| 505 | _aM | ||
| 520 | _aTells about the events of August 28, 1963, when protesters gathered in Washington D.C. to draw attention to discrimination against African-Americans and to hear Civil Rights leader Dr. Martin Luther King, Jr. deliver his now famous "I Have a Dream" speech. | ||
| 521 | 8 |
_a530
_bLexiel estimate |
|
| 521 | 8 |
_aM
_bRaz-Plus |
|
| 650 |
_aAfrican American _vNon-fiction |
||
| 650 |
_aBlack history _vNon-fiction |
||
| 700 |
_aMarchesi, Stephen _eIllustrator |
||
| 942 |
_2ddc _cBK _n0 |
||
| 999 |
_c7724 _d7724 |
||